ARRUPE JESUIT UNIVERSITY

CORONAVIRUS -STOP THE SPREAD - CLEAN,DISINFECT,COVER

David Livingstone--his triumph, decline and fall, (Record no. 120341)

MARC details
000 -LEADER
fixed length control field 00856cam a2200277 4500
001 - CONTROL NUMBER
control field 4564617
003 - CONTROL NUMBER IDENTIFIER
control field ARRUPE
005 - DATE AND TIME OF LATEST TRANSACTION
control field 20140402111706.0
008 - FIXED-LENGTH DATA ELEMENTS--GENERAL INFORMATION
fixed length control field 730920s1973 enkbc b 001 0beng
010 ## - LIBRARY OF CONGRESS CONTROL NUMBER
LC control number 73169512
015 ## - NATIONAL BIBLIOGRAPHY NUMBER
National bibliography number GB73-11979
020 ## - INTERNATIONAL STANDARD BOOK NUMBER
International Standard Book Number 0718819152
040 ## - CATALOGING SOURCE
Original cataloging agency DLC
Transcribing agency DLC
Modifying agency DLC
050 00 - LIBRARY OF CONGRESS CALL NUMBER
Classification number SPC DT731.L8
Item number N59 1973
082 00 - DEWEY DECIMAL CLASSIFICATION NUMBER
Classification number 916.7/04
-- B
300 ## - PHYSICAL DESCRIPTION
Other physical details 4 maps (3 col.), port.
Dimensions 23 cm.
100 1# - MAIN ENTRY--PERSONAL NAME
Personal name Northcott, Cecil,
Dates associated with a name 1902-
9 (RLIN) 9653
245 00 - TITLE STATEMENT
Title David Livingstone--his triumph, decline and fall,
Statement of responsibility, etc by Cecil Northcott.
260 ## - PUBLICATION, DISTRIBUTION, ETC. (IMPRINT)
Place of publication, distribution, etc Guildford,
Name of publisher, distributor, etc Lutterworth,
Date of publication, distribution, etc 1973.
300 ## - PHYSICAL DESCRIPTION
Extent 140 p., [3] leaves (2 fold.).
350 ## - PRICE (NR) (BK AM CF MU VM SE) [OBSOLETE]
Price $2.75
500 ## - GENERAL NOTE
General note Includes index.
504 ## - BIBLIOGRAPHY, ETC. NOTE
Bibliography, etc Bibliography: p. 131-133.
600 10 - SUBJECT ADDED ENTRY--PERSONAL NAME
Personal name Livingstone, David,
Dates associated with a name 1813-1873.
9 (RLIN) 9654
906 ## - LOCAL DATA ELEMENT F, LDF (RLIN)
a 7
b cbc
c orignew
d 3
e ncip
f 19
g y-gencatlg
942 ## - ADDED ENTRY ELEMENTS (KOHA)
Source of classification or shelving scheme Library of Congress Classification
Koha item type Monograph ( Printed materials)
Holdings
Withdrawn status Lost status Source of classification or shelving scheme Damaged status Not for loan Collection code Home library Current library Shelving location Date acquired Total Checkouts Full call number Barcode Date last seen Price effective from Koha item type
    Library of Congress Classification     SPECIAL Collection ARRUPE LIBRARY ARRUPE LIBRARY Main Collection 02/04/2014   SPC DT731.L8 N59 1973 46500002058 02/04/2014 02/04/2014 Monograph ( Printed materials)

 

Arrupe Library. PO Box MP320 Mt Pleasant, Harare, Zimbabwe
263 242 745411|librarian@aju.ac.zw